| 000 | 00544nam a2200205Ia 4500 | ||
|---|---|---|---|
| 005 | 20250508154257.0 | ||
| 008 | 008 250505s9999 xx 000 0 eng d | ||
| 037 | _aTextual | ||
| 040 |
_aFEDL _beng _cFEDL |
||
| 041 |
_aeng _2eng |
||
| 084 |
_a600, GRO _qFEDL |
||
| 100 |
_aGroneman Chris H _9620335 |
||
| 245 | 0 | _aGeneral shop | |
| 250 | _a3rd | ||
| 260 |
_aNew York, USA _bMcGraw-Hill Book Company _c1963 |
||
| 300 | _a470p. | ||
| 700 |
_a Feirer John L _9765219 |
||
| 942 |
_cTEXL _h600, GRO |
||
| 999 |
_c1349322 _d1349322 |
||